000
00201 a2200097 4500
001
16904
100
_a
Cartland, B
245
_a
Judgement of love
260
_a
_b
Arrow books
_c
090
_c
12686
_d
12686
942
_a
NUST-CAE
_c
M
_c
2987
999
_c
251977
_d
251977